Fundamentals of classical thermodynamics (Record no. 14470)

000 -LEADER
fixed length control field 00490nam a22001937a 4500
001 - CONTROL NUMBER
control field 14470
003 - CONTROL NUMBER IDENTIFIER
control field BD-DhUET
008 - FIXED-LENGTH DATA ELEMENTS--GENERAL INFORMATION
fixed length control field 150308b xxu||||| |||| 00| 0 eng d
040 ## - CATALOGING SOURCE
Transcribing agency 0
Modifying agency BD-DhUET
082 ## - DEWEY DECIMAL CLASSIFICATION NUMBER
Classification number 536.7
Item number VAN/1985
100 ## - MAIN ENTRY--PERSONAL NAME
Personal name Van Wylen, Gordon J.
245 ## - TITLE STATEMENT
Title Fundamentals of classical thermodynamics
250 ## - EDITION STATEMENT
Edition statement 3rd ed.
260 ## - PUBLICATION, DISTRIBUTION, ETC. (IMPRINT)
Place of publication, distribution, etc. New York
Name of publisher, distributor, etc. John Wiley & Sons
Date of publication, distribution, etc. 1985
300 ## - PHYSICAL DESCRIPTION
Extent xiv, 722 p.
650 #0 - SUBJECT ADDED ENTRY--TOPICAL TERM
Topical term or geographic name as entry element Thermodynamics
700 ## - ADDED ENTRY--PERSONAL NAME
Personal name Sonntag, Richard E.
942 ## - ADDED ENTRY ELEMENTS (KOHA)
Koha item type General Book
Holdings
Koha issues (times borrowed) Damaged status Koha date last seen Piece designation (barcode) Sublocation or collection (holding branch) Copy number Withdrawn status Koha item type Koha normalized classification for sorting Shelving location Koha full call number Lost status Koha date last borrowed Not for loan Price effective from Location (home branch) Source of classification or shelving scheme Date acquired
2 2025-06-2368588Central Library, BUET1 General Book536_700000000000000_VAN_1985Circulation section536.7/VAN/1985 2025-05-26 2015-03-08Central Library, BUET 2015-03-08
4 2023-05-0868590Central Library, BUET2 General Book536_700000000000000_VAN_1985Circulation section536.7/VAN/1985 2023-04-30 2015-03-10Central Library, BUET 2015-03-10
2 2023-12-1168592Central Library, BUET3 General Book536_700000000000000_VAN_1985Circulation section536.7/VAN/1985 2023-12-02 2015-03-10Central Library, BUET 2015-03-10
2 2024-02-1868589Central Library, BUET4 General Book536_700000000000000_VAN_1985Circulation section536.7/VAN/1985 2023-12-02 2015-03-16Central Library, BUET 2015-03-16